000 00729nam a2200241 a 4500
001 63598
003 BD-RjUL
005 20211209081220.0
008 170131s1953 enkf 000 0 eng
035 _a(BD-RjUL)63727
040 _aDLC
_cCarP
_dBD-RjUL
_beng
041 _aeng
082 _223
_a398.20956
_bBOO 1953
245 1 4 _aThe book of the thousand nights and one night /
_c Tra.. by J C Mardrus; E Powys Mathers
260 _aLondon :
_bPrinted for subscribers only,
_c1953
300 _a795 p. ;
_c22 cm.
505 _aVol. 3 --
650 _aTales -- Arabian Peninsula.
_9188999
650 _aArabian Peninsula.
_9189000
700 _aMardrus J C
_9189001
700 _aMathers E Powys
_9189002
942 _2ddc
_cBK
999 _c63598
_d63598